000 00252 a2200085 4500
020 _a9781685633059
100 _a Dr. Adv. Harshul Savla and Ar. Pallavi Patil
245 _aFacility Management : Indian & Global Best Practices
260 _bNotion Press
_c2021
999 _c13614
_d13614